• 首页
  • 本馆介绍
  • 公告通知
  • 最新文献
  • 馆藏检索
  • 电子资源
  • 读者导购
  • 参考咨询
  • 我的图书馆
  • 登录
  • 详细信息显示
  • 放入我的书架
  • 预约/预借图书
  • 作者相关作品
  • 分类相关作品
  • 丛书相关作品
  • 出版社相关作品

书目信息

  • 表格格式
  • 工作单格式
  • 卡片格式
题名:
简子选注
    
 
作者: 长春新华印刷厂 , 吉林化肥厂 , 国营长春机械厂等《管子》注释组
分册:  
出版信息: 长春   吉林人民出版社  1975
页数: 200页
开本: 20cm
丛书名:
单 册:
中图分类: B226.1
科图分类:
主题词: 先秦哲学
电子资源:
ISBN:
000 00884nam0 2200241 450
001 0753163479
005 20070925144743.79
010    @dCNY0.49
091    @a3091.370
100    @a20070925d1975 km y0chiy0120 ea
101 0  @achi
102    @aCN@b220000
102    @aCN@b220000
200 1  @a简子选注@Ajian zi xuan zhu@f长春新华印刷厂,吉林化肥厂,国营长春机械厂等《管子》注释组@Fchang chun xin hua yin shua chang,ji lin hua fei chang,guo ying zhang chun ji xie chang deng《guan zi》zhu shi zu
210    @a长春@c吉林人民出版社@d1975
215    @a200页@d20cm
606 0  @a先秦哲学
690    @aB226.1@v3
701  0 @a长春新华印刷厂@Achang chun xin hua yin shua chang
701  0 @a吉林化肥厂@Aji lin hua fei chang
701  0 @a国营长春机械厂等《管子》注释组@Aguo ying zhang chun ji xie chang deng《guan zi》zhu shi zu
801  0 @aCN@bPFT@c20070925
905    @a10447@dB226.1@e352
    
    简子选注/长春新华印刷厂,吉林化肥厂,国营长春机械厂等《管子》注释组.-长春:吉林人民出版社,1975
    200页;20cm
    
    
    ISBN :CNY0.49
    
●
相关链接 在E读中查询图书 在五车中查询图书 在当当中查询图书 在豆瓣中查询图书


正题名:简子选注     索取号:B226.1/352         预约/预借

序号 登录号 条形码 馆藏地/架位号 状态 备注
1 0609650   206096507   第一样本阅览室/ [索取号:B226.1/352] 在馆    
唐山师范学院图书馆 欢迎您!
大连网信软件有限公司© 版权所有